| 000 | 01033nam a22002417a 4500 | ||
|---|---|---|---|
| 999 |
_c8178 _d8178 |
||
| 003 | AR-CdUCM | ||
| 008 | 190322b ||||| |||| 00| 0 spa d | ||
| 040 |
_aMUNICIPALIDAD PROVINCIAL DEL CUSCO _cBIBLIOTECA MUNICIPAL DEL CUSCO |
||
| 041 | _heng | ||
| 082 |
_a696 / _bM43 |
||
| 100 |
_aMathias Jr. A. J. _923063 |
||
| 245 | _aPlomeria diseño e instalaciones / | ||
| 260 |
_aMexico : _bHispano americana, _c1966. |
||
| 300 |
_a446 paginas ; _bIlustraciones, _c23 cm. |
||
| 500 | _aTitulo original :How to design and install plumbing | ||
| 505 | _aContenido : Sistemas municipales de eliminación de aguas negras -- Eliminación privada de aguas negras -- Materiales para tubos de albañal sus accesorios o conexiones -- Uniones de tubería en los sistema de desagüe -- El desagüe domiciliario... | ||
| 650 |
_aPlomeria _920380 |
||
| 650 |
_aInstalaciones de tubería _923064 |
||
| 650 |
_aSistema de distribución _923065 |
||
| 700 |
_aMerican technical society (Traducción) _923066 |
||
| 942 |
_2ddc _cLIBROS |
||
| 945 | _awnts | ||